UM Logo

Technical research and report writing/ (Record no. 2489)

MARC details
000 -LEADER
fixed length control field 00603nam a22001817a 4500
008 - FIXED-LENGTH DATA ELEMENTS--GENERAL INFORMATION
fixed length control field 160514b xxu||||| |||| 00| 0 eng d
020 ## - INTERNATIONAL STANDARD BOOK NUMBER
International Standard Book Number 9717250219
082 ## - DEWEY DECIMAL CLASSIFICATION NUMBER
Edition number 2002
Classification number DFil 808.066
Item number V79
100 ## - MAIN ENTRY--PERSONAL NAME
9 (RLIN) 8238
Personal name Vinuya, Remedios V.
245 ## - TITLE STATEMENT
Title Technical research and report writing/
Statement of responsibility, etc. Remedios V. Vinuya
260 ## - PUBLICATION, DISTRIBUTION, ETC. (IMPRINT)
Place of publication, distribution, etc. Makati City:
Name of publisher, distributor, etc. Grandwater Publicationsand Research Corporation,
Date of publication, distribution, etc. c2002.
300 ## - PHYSICAL DESCRIPTION
Extent viii, 195 pages:
Other physical details illustrations;
Dimensions 22 cm.
500 ## - GENERAL NOTE
General note Include bibliography
650 #0 - SUBJECT ADDED ENTRY--TOPICAL TERM
9 (RLIN) 8239
Topical term or geographic name as entry element Technical writing
650 #0 - SUBJECT ADDED ENTRY--TOPICAL TERM
9 (RLIN) 8240
Topical term or geographic name as entry element Report writing
365 ## - TRADE PRICE
Price type code 277.00
Price amount Php.
942 ## - ADDED ENTRY ELEMENTS (KOHA)
Source of classification or shelving scheme Dewey Decimal Classification
Koha item type Filipiniana
Holdings
Withdrawn status Lost status Source of classification or shelving scheme Damaged status Not for loan Collection code Home library Current library Date acquired Source of acquisition Total Checkouts Full call number Barcode Date last seen Copy number Cost, replacement price Price effective from Koha item type
    Dewey Decimal Classification     Filipiniana UM Digos College - LIC UM Digos College - LIC 09/26/2005 Purchased   DFil 808.066 V79 2002 16870 06/08/2021 1 277.00 05/14/2016 Filipiniana
    Dewey Decimal Classification     Filipiniana UM Digos College - LIC UM Digos College - LIC 09/26/2005 Purchased   DFil 808.066 V79 2002 18238 06/08/2021 2 227.00 05/14/2016 Filipiniana